000 01535nam a2200349 a 4500
001 ebr10558733
003 CaPaEBR
006 m u
007 cr cn|||||||||
008 120604s2012 gw a sb 001 0 eng d
020 _z9783527329663
020 _z9783527645978 (e-book)
040 _aCaPaEBR
_cCaPaEBR
035 _a(OCoLC)787843753
050 1 4 _aQP551
_b.P76 2012eb
245 0 0 _aProtein-ligand interactions
_h[electronic resource] /
_cedited by Holger Gohlke.
260 _aWeinheim :
_bWiley-VCH,
_c2012.
300 _axx, 339 p. :
_bill. (some col.).
490 1 _aMethods and principles in medicinal chemistry ;
_vv. 53
504 _aIncludes bibliographical references and index.
505 0 _apt. 1. Binding thermodynamics -- pt. 2. Learning from biophysical experiments -- pt. 3. Modeling protein-ligand interactions -- pt. 4. Challenges in molecular recognition.
533 _aElectronic reproduction.
_bPalo Alto, Calif. :
_cebrary,
_d2013.
_nAvailable via World Wide Web.
_nAccess may be limited to ebrary affiliated libraries.
650 0 _aProteins.
650 0 _aLigands (Biochemistry)
650 0 _aLigand binding (Biochemistry)
650 0 _aDrugs
_xStructure-activity relationships.
655 7 _aElectronic books.
_2local
700 1 _aGohlke, Holger.
710 2 _aebrary, Inc.
830 0 _aMethods and principles in medicinal chemistry ;
_vv. 53.
856 4 0 _uhttp://site.ebrary.com/lib/rucke/Doc?id=10558733
_zAn electronic book accessible through the World Wide Web; click to view
999 _c88738
_d88738